Communicating : (رقم التسجيلة. 116767)

تفاصيل مارك
000 -LEADER
fixed length control field 00945cam a2200289 a 4500
008 - FIXED-LENGTH DATA ELEMENTS--GENERAL INFORMATION
fixed length control field 020702s2004 maua b 001 0 eng
010 ## - LIBRARY OF CONGRESS CONTROL NUMBER
LC control number 2002109364
020 ## - INTERNATIONAL STANDARD BOOK NUMBER
International Standard Book Number 0618260153
040 ## - CATALOGING SOURCE
Original cataloging agency DLC
Transcribing agency DLC
Modifying agency DLC
050 00 - LIBRARY OF CONGRESS CALL NUMBER
Classification number P90
Item number .B416 2004
082 00 - DEWEY DECIMAL CLASSIFICATION NUMBER
Classification number 302.2
Edition number 22
092 04 - LOCALLY ASSIGNED DEWEY CALL NUMBER (OCLC)
Classification number 302.2
Item number B5132 2004
Edition number 21
099 ## - LOCAL FREE-TEXT CALL NUMBER (OCLC)
Classification number 04
-- 302.2 B5132 2004
100 1# - MAIN ENTRY--PERSONAL NAME
Personal name Berko, Roy M.
245 10 - TITLE STATEMENT
Title Communicating :
Remainder of title a social and career focus /
Statement of responsibility, etc. Roy M. Berko, Andrew D. Wolvin, Darlyn R. Wolvin.
250 ## - EDITION STATEMENT
Edition statement 9th ed.
260 ## - PUBLICATION, DISTRIBUTION, ETC.
Place of publication, distribution, etc. Boston :
Name of publisher, distributor, etc. Houghton Mifflin,
Date of publication, distribution, etc. c2004.
300 ## - PHYSICAL DESCRIPTION
Extent xvi, 448 p. :
Other physical details ill. (some col.) ;
Dimensions 26 cm.
504 ## - BIBLIOGRAPHY, ETC. NOTE
Bibliography, etc. note Includes bibliographical references (p. 419-431) and index.
650 #0 - SUBJECT ADDED ENTRY--TOPICAL TERM
Topical term or geographic name entry element Communication.
700 1# - ADDED ENTRY--PERSONAL NAME
Personal name Wolvin, Andrew D.
700 1# - ADDED ENTRY--PERSONAL NAME
Personal name Wolvin, Darlyn R.
905 ## - LOCAL DATA ELEMENT E, LDE (RLIN)
Cataloger Gehan
Reviser Rev.
905 ## - LOCAL DATA ELEMENT E, LDE (RLIN)
Cataloger Jamal
Reviser Cat.
942 ## - ADDED ENTRY ELEMENTS (KOHA)
Source of classification or shelving scheme Dewey Decimal Classification
Koha item type Books
المقتنيات
Source of classification or shelving scheme Not for loan Home library Current library Date acquired Full call number Barcode Date last seen Copy number Koha item type
Dewey Decimal Classification   المكتبة المركزبة الجديدة - جامعة القاهرة قاعة الكتب - الدور الثاني 11.02.2024 302.2 B5132 2004 01000110190382000 23.09.2023 C.1 Books
Cairo University Libraries Portal Implemented & Customized by: Eng. M. Mohamady Contacts: new-lib@cl.cu.edu.eg | cnul@cl.cu.edu.eg
CUCL logo CNUL logo
© All rights reserved — Cairo University Libraries
CUCL logo
Implemented & Customized by: Eng. M. Mohamady Contact: new-lib@cl.cu.edu.eg © All rights reserved — New Central Library
CNUL logo
Implemented & Customized by: Eng. M. Mohamady Contact: cnul@cl.cu.edu.eg © All rights reserved — Cairo National University Library